[Event "ISL-FRA"]
[Site "Reykjavik"]
[Date "1993.??.??"]
[Round "9"]
[White "Stefansson, Hannes"]
[Black "Bricard, Emmanuel"]
[Result "1-0"]
[WhiteElo "2495"]
[BlackElo "2460"]
[Annotator "Knaak,R"]
[PlyCount "45"]
[EventDate "1993.??.??"]
[EventType "schev"]
[EventRounds "10"]
[EventCountry "ISL"]
[SourceTitle "CBM 035"]
[Source "ChessBase"]
[SourceDate "1993.08.01"]
[SourceVersion "1"]
[SourceVersionDate "1993.08.01"]
[SourceQuality "1"]

1. e4 e6 2. d4 d5 3. Nc3 Nf6 4. Bg5 Be7 5. e5 Nfd7 6. h4 f6 7. Qh5+ (7. Bd3 c5
(7... fxg5 8. Qh5+ Kf8 9. Rh3 g6 10. Bxg6 Kg7 11. Bf7 {+/- Keres} Nf8 12. hxg5
Ng6 $13) 8. Qh5+ Kf8 9. exf6 (9. Nxd5 $6 fxg5 10. Rh3 g4 11. Nf4 Nxe5 12. dxe5
gxh3 13. Bxh7 Rxh7 $1 $19 {Panov,V-Yudovich,M/Tbilisi-ch/1937/}) 9... Nxf6 10.
Bxf6 Bxf6 11. dxc5 Qa5 12. O-O-O Nc6 $1 $13 {Nogueiras/Sieiro}) 7... Kf8 8.
exf6 Nxf6 9. Qe2 $5 c5 10. dxc5 b6 $5 $146 (10... Na6 11. Nf3 Nxc5 12. O-O-O b5
13. Qe3 $1 (13. Nxb5 $6 Rb8 14. Nbd4 Qa5 $44) 13... b4 14. Bxf6 gxf6 15. Qh6+
Kf7 16. Nb5 $14 {Nogueiras/Sieiro}) 11. c6 Nxc6 12. Nf3 Kf7 13. Bf4 Bd6 14.
Bxd6 Qxd6 15. O-O-O Re8 16. Nb5 Qb8 17. h5 h6 (17... e5 $5) 18. Nbd4 Nxd4 19.
Ne5+ $1 Kg8 20. Rxd4 $14 Nd7 (20... Ba6 21. Qe3 Bxf1 22. Rxf1 Nxh5 23. g4 $44)
21. Ng4 Qd6 22. Qd3 $5 Qf8 $4 (22... Re7 23. Qg6 Kh8) 23. Qg6 $18 (23. Qg6 Kh8
24. Bd3 Qg8 25. Nxh6 $18) 1-0

[Event "ISL-FRA"]
[Site "Reykjavik"]
[Date "1993.??.??"]
[Round "7"]
[White "Arnason, Jon Loftur"]
[Black "Bricard, Emmanuel"]
[Result "1/2-1/2"]
[WhiteElo "2535"]
[BlackElo "2460"]
[Annotator "Knaak,R"]
[PlyCount "83"]
[EventDate "1993.??.??"]
[EventType "schev"]
[EventRounds "10"]
[EventCountry "ISL"]
[SourceTitle "CBM 035"]
[Source "ChessBase"]
[SourceDate "1993.08.01"]
[SourceVersion "1"]
[SourceVersionDate "1993.08.01"]
[SourceQuality "1"]

1. e4 e6 2. d4 d5 3. Nc3 Nf6 4. Bg5 Be7 5. e5 Nfd7 6. h4 f6 7. Qh5+ Kf8 (7...
g6 $6 8. exf6 $1 gxh5 (8... Nxf6 9. Qe2 {+/-/+/=}) 9. fxe7 Qxe7 10. Bxe7 Kxe7
$16) 8. exf6 Nxf6 9. Qf3 c5 10. dxc5 b6 (10... Nc6 $5 11. O-O-O b6 $1 12. Nge2
bxc5 13. Nf4 Nd4 14. Qe3 Rb8 $15 {Portela,J-Gomez Baillo,J/Madrid/1992/}) 11.
h5 $1 h6 (11... bxc5 $6 12. h6 g6 13. O-O-O Nbd7 14. Re1 Qb6 $6 15. Bb5 Kf7 16.
Nh3 a6 $2 17. Bxd7 Bxd7 18. Bxf6 Bxf6 19. Ng5+ {Unzicker,W-Stahlberg,G/
Stockholm/1960/1-0/}) 12. Bh4 $6 $146 {tempo} (12. Bxf6 Bxf6 13. Nh3 Nc6 14.
Nf4 Nd4 (14... bxc5 15. Bd3 $1 Ne5 16. Ng6+ Nxg6 17. Bxg6 $16 {Keres,
P-Stahlberg,G/1960}) 15. Qd1 bxc5 16. Ng6+ Kf7 17. Nxh8+ Qxh8 18. Bd3) 12...
Nc6 (12... bxc5) 13. Nh3 bxc5 14. Nf4 Ne5 15. Qe2 Bd6 16. Bg3 Kf7 17. O-O-O Re8
$10 18. Nd3 Nxd3+ 19. Qxd3 Rb8 20. Rh4 Kg8 21. Qg6 Bxg3 22. Qxg3 Bd7 23. Bd3 a5
24. Bg6 Rf8 25. Qd6 c4 26. Rf4 Rb6 27. Qe5 Qb8 28. Qxb8 Rfxb8 29. b3 cxb3 30.
axb3 Kf8 31. Re1 Ke7 32. Rd4 Kd6 33. f3 Rb4 (33... e5 $5) 34. Rxb4 axb4 35. Ne2
e5 36. Kd2 Ra8 37. Nc1 Bb5 38. g3 Nd7 39. Bd3 Bc6 40. Bf5 Rf8 41. g4 Nc5 42.
Ne2 1/2-1/2

[Event "Winterthur"]
[Site "Winterthur"]
[Date "1996.??.??"]
[Round "8"]
[White "Vogt, Lothar"]
[Black "Kelecevic, Nedeljko"]
[Result "1-0"]
[WhiteElo "2505"]
[BlackElo "2475"]
[Annotator "Knaak,R"]
[PlyCount "33"]
[EventDate "1996.09.??"]
[EventType "tourn"]
[EventRounds "11"]
[EventCountry "SUI"]
[EventCategory "9"]
[SourceTitle "CBM 055"]
[Source "ChessBase"]
[SourceDate "1996.12.01"]
[SourceVersion "1"]
[SourceVersionDate "1996.12.01"]
[SourceQuality "1"]

1. e4 e6 2. d4 d5 3. Nc3 Nf6 4. Bg5 Be7 5. e5 Nfd7 6. Bxe7 Qxe7 7. f4 c6 {
Is' er abgerutscht?} 8. Nf3 b6 9. Bd3 Ba6 10. O-O Bxd3 11. Qxd3 $14 a6 {
Kann das alles gut sein? Nun, das Zentrum ist geschlossen und da kann man sich
auch ein gemächlicheres Spiel erlauben.} 12. Ne2 c5 $6 (12... b5 $6 13. a4 $1
Nb6 14. a5 N6d7 15. b3 {/\ c4+/-}) 13. c4 $1 {[%csl Rc5,Rd5]} dxc4 14. Qxc4
cxd4 $4 (14... Nc6 15. d5 Na5 16. Qd3 exd5 17. Qxd5 Rd8) (14... b5 15. Qc2 O-O
{Schwarz lebt.}) 15. Qc8+ Qd8 16. Qb7 d3 17. Ned4 1-0

[Event "Interzonal-15"]
[Site "Manila"]
[Date "1990.??.??"]
[Round "4"]
[White "Van Riemsdijk, Herman Claudius"]
[Black "Hmadi, Slaheddine"]
[Result "1-0"]
[WhiteElo "2440"]
[BlackElo "2335"]
[Annotator "Knaak,R"]
[PlyCount "59"]
[EventDate "1990.06.29"]
[EventType "swiss"]
[EventRounds "13"]
[EventCountry "PHI"]
[SourceTitle "CBM 019"]
[Source "ChessBase"]
[SourceDate "1990.12.01"]
[SourceVersion "1"]
[SourceVersionDate "1990.12.01"]
[SourceQuality "1"]

1. e4 e6 2. d4 d5 3. Nc3 Nf6 4. Bg5 Be7 5. e5 Nfd7 6. h4 a6 $6 7. Qg4 Bxg5 8.
hxg5 c5 9. g6 $1 (9. dxc5 $5 Nxe5 10. Qg3 Nbc6 11. O-O-O $16 {Nogueiras/Sieiro
YB16}) 9... f5 10. Qf4 h6 $16 11. dxc5 (11. Nf3 {ist häufig und mit großem
Erfolg für Weiß gespielt worden.}) 11... O-O 12. Nf3 Nxc5 13. Bd3 Nc6 14. Ne2
Qa5+ $13 15. Kf1 Ne4 16. c3 Qb6 17. Nfd4 Qxb2 (17... Qc7 $5 $13) 18. Rb1 Nd2+
19. Kg1 Nxb1 20. Rxh6 Qd2 21. Rh7 Qxf4 22. Nxf4 Nxe5 23. Nh5 Nxg6 24. Rxg7+ Kh8
25. Rxg6 Nxc3 26. Nf3 b5 27. Rg7 Rg8 28. Re7 Ne4 29. Bxe4 fxe4 30. Nf6 1-0

[Event "Belfort"]
[Site "Belfort"]
[Date "1997.??.??"]
[Round "5"]
[White "Relange, Eloi"]
[Black "Gurevich, Mikhail"]
[Result "1/2-1/2"]
[WhiteElo "2505"]
[BlackElo "2620"]
[Annotator "Knaak,R"]
[PlyCount "120"]
[EventDate "1997.10.??"]
[EventType "tourn"]
[EventRounds "10"]
[EventCountry "FRA"]
[EventCategory "13"]
[SourceTitle "CBM 062"]
[Source "ChessBase"]
[SourceDate "1998.01.31"]
[SourceVersion "1"]
[SourceVersionDate "1998.01.31"]
[SourceQuality "1"]

1. e4 e6 2. d4 d5 3. Nc3 Nf6 4. Bg5 Be7 5. e5 Nfd7 6. h4 O-O {In Verbindung
mit dem nächsten Zug könnte die sehr gewagte Rochade vielleicht doch spielbar
sein.} 7. Bd3 (7. Qh5 c5 8. dxc5 Nc6 $2 (8... g6 9. Qh6 Nxe5) 9. f4 $1 Qa5 10.
Bd3 g6 11. Qh6 Re8 (11... d4 12. Bxe7 Nxe7 13. h5 Nf5 14. Bxf5 gxf5 15. Nf3 $18
) 12. Bxe7 Rxe7 13. h5 Nf8 14. O-O-O $16 {Pieri,F-Wallyn,A/Paris-ch 1993/EXT
97/1-0 (67)}) 7... c5 $1 {Richtig! Schwarz wird Bxh7+ erst dann verhindern,
wenn es wirklich droht.} (7... f5 $6 8. Nh3 {+/-/+/=}) 8. Nh3 {(/\ Bxh7+!)} (8.
Nf3 $6 {versperrt der Dame die Diagonale nach h5.}) (8. Qh5 $5 {Diesen Zug
stelle ich zur Diskussion:} g6 (8... h6 $2 9. Bxh6 $18) 9. Qh6 cxd4 10. Nf3
Nxe5 $5 (10... dxc3 $2 11. h5 $1 cxb2 12. Rb1 Bb4+ 13. Kd1 f6 14. hxg6 $18) 11.
Nxe5 dxc3 12. Nxg6 {Ob andere Züge besser sind, sollte analysiert werden.} fxg6
13. Bxg6 hxg6 14. Qxg6+ Kh8 {Weiß muß wohl Dauerschach geben.}) 8... g6 $1 (
8... cxd4 $2 9. Bxe7 Qxe7 10. Bxh7+ $1 Kxh7 11. Qh5+ Kg8 12. Ng5 $18) 9. f4
cxd4 {Weiß hat keine Aussichten auf Vorteil.} 10. Ne2 (10. Nb1 Nc6 11. Nd2 Nc5
12. Nf2 f6 $1 $15 13. exf6 Bxf6 14. Bh6 Bg7 15. Bxg7 Kxg7 16. h5 $6 g5 $1 17.
h6+ Kh8 18. Qh5 gxf4 19. Nf3 e5 $17 {Hector,J-Moskalenko,V/Copenhagen BSF 1995/
CBM 46/0-1 (62)}) 10... Qa5+ 11. Qd2 (11. Kf2 f6 12. exf6 Nxf6) 11... Qxd2+ 12.
Kxd2 Bb4+ 13. Kd1 f6 (13... Nc6 $6 14. h5 {und auch ohne Damen ist der Angriff
gefährlich.}) 14. Bh6 (14. exf6 Nxf6 15. Nxd4) 14... fxe5 $1 (14... Re8 15. h5
$5 (15. exf6) 15... gxh5 (15... fxe5 16. hxg6 e4 17. gxh7+ Kxh7 18. Ng5+ Kg8
$13) 16. Nf2 fxe5 17. Rxh5 $36) 15. Bxf8 Bxf8 {Für die Qualität hat Schwarz
Kompensation. Die Partie bewegt sich nun etwa im Gleichgewicht.} 16. Ng5 a6 (
16... e4 $6 17. Bb5 Nc5 18. Nxd4) 17. fxe5 Nxe5 18. Nxd4 Nxd3 19. cxd3 e5 20.
Nde6 Bd6 21. Rf1 Bxe6 (21... h6 $2 22. Nf7) 22. Nxe6 Nc6 23. a3 Re8 24. Ng5 Nd4
25. Rf7 Be7 26. Rf1 Nf5 27. Re1 Bf6 28. Nf3 e4 29. g4 Nd6 30. dxe4 dxe4 31. Ng5
h6 32. Nh3 Nc4 33. Ke2 Bxb2 34. Rad1 Bxa3 35. Rd7 Re7 36. Rd8+ Kg7 37. g5 Ne5
38. Ra1 Bc5 39. Rd5 Nd3 40. Rf1 b6 41. Rd8 hxg5 42. Nxg5 a5 43. Ra8 Nb4 44.
Raf8 Bd4 45. R1f7+ Rxf7 46. Rxf7+ Kg8 47. Rb7 Bf6 48. Rxb6 Nd5 49. Rd6 Nf4+ 50.
Ke3 Be7 51. Rd7 Bxg5 52. hxg5 Ne6 53. Rd5 a4 54. Kxe4 a3 55. Ra5 a2 56. Ke5
Nxg5 57. Kf6 Nh7+ 58. Kxg6 Nf8+ 59. Kf5 Kf7 60. Rxa2 Nd7 1/2-1/2

[Event "Balashiha"]
[Site "Balashiha"]
[Date "1977.05.14"]
[Round "11"]
[White "Ivanovic, Bozidar"]
[Black "Bednarski, Jacek B"]
[Result "1-0"]
[WhiteElo "2440"]
[BlackElo "2400"]
[Annotator "Knaak,R"]
[PlyCount "62"]
[EventDate "1977.04.29"]
[EventType "tourn"]
[EventRounds "13"]
[EventCountry "URS"]
[EventCategory "7"]
[SourceTitle "EXT 2002"]
[Source "ChessBase"]
[SourceDate "2001.11.25"]
[SourceVersion "1"]
[SourceVersionDate "2001.11.25"]
[SourceQuality "1"]

{SCHACH 7/1977 Seite 305} 1. e4 e6 2. d4 d5 3. Nc3 Nf6 4. Bg5 Be7 5. e5 Ng8 {
Eine verdächtige Variante. Ivanovic tut das einzig Richtige - er geht scharf
dagegen vor.} 6. Bf4 c5 7. dxc5 Bxc5 8. Qg4 Kf8 {Dieser Zug gehört zum
"Aufbau".} 9. O-O-O Nc6 10. Nf3 Bxf2 $6 11. Ng5 Nh6 (11... h6 {wird mit} 12.
Nxf7 Kxf7 13. Qf3 {beantwortet.}) 12. Qf3 Bd4 ({falls} 12... Bh4 {so} 13. Qh5
$1) ({und} 12... Bc5 {könnte} 13. Nxd5 exd5 14. e6 {zur Folge haben, aber auch
andere Züge sind möglich.}) 13. Rxd4 $1 {Nach dem Bauernopfer noch ein
Qualitätsopfer, ohne dass etwas Forciertes zu sehen ist. Doch das Opfer ist
berechtigt, denn dieser Läufer war Bednarskis beste Figur.} Nxd4 14. Qh5 Qc7 {
Danach ist Schwarz schon verloren.} ({Erforderlich war} 14... Bd7 {Beide
Spieler glaubten auf Gewinn zu stehen.}) 15. Bd3 f5 ({Oder} 15... Nhf5 16. g4
g6 17. Qh3 Ne7 18. Qh6+ Kg8 19. Nge4 dxe4 20. Nxe4 Nd5 21. Nf6+ {und Weiß
gewinnt.}) 16. Be3 $1 Qxe5 (16... Nc6 17. Bc5+ Ne7 18. Bd6 Qd8 19. Nb5 {
ist ebenfalls chancenlos.}) 17. Re1 Bd7 {[#]} 18. Bb5 $3 Bc6 ({Auch} 18... Be8)
({und} 18... Ke7 {werden mit} 19. Qh4 {beantwortet.}) (18... Bxb5 19. Nxb5 Nxb5
20. Bc5+ {verliert die Dame.}) 19. Qh4 Ng4 20. Bxd4 {Hier zeigt sich die Idee
von 18. Lb5. Da der schwarze Läufer nicht mehr e6 verteidigt, scheitert Dxd4
an 21. Sxe6+.} Qf4+ 21. Be3 Qxh2 22. Nxe6+ Kf7 23. Qg5 Qe5 24. Bd2 Qf6 25. Qh5+
g6 26. Qh1 Nf2 27. Qh2 Ne4 28. Nxe4 dxe4 29. Bc4 Rac8 30. Qd6 b5 31. Bb3 Ke8 {
und Schwarz gab gleichzeitig aud.} 1-0

[Event "URS-sf Ukraine-ch"]
[Site "Kherson"]
[Date "1989.??.??"]
[Round "?"]
[White "Kuzmin, Gennadi P"]
[Black "Huzman, Alexander"]
[Result "1-0"]
[WhiteElo "2495"]
[BlackElo "2475"]
[Annotator "Knaak,R"]
[PlyCount "73"]
[EventDate "1989.11.??"]
[EventType "tourn"]
[EventRounds "15"]
[EventCountry "URS"]
[EventCategory "7"]
[SourceTitle "CBM 016"]
[Source "ChessBase"]
[SourceDate "1990.06.01"]
[SourceVersion "1"]
[SourceVersionDate "1990.06.01"]
[SourceQuality "1"]

1. e4 e6 2. d4 d5 3. Nc3 Nf6 4. Bg5 Be7 5. e5 Nfd7 6. h4 c5 7. Nb5 $5 {7.Lxe7
soll Vorteil ergeben.} cxd4 (7... f6 8. Bd3 a6 9. Qh5+ Kf8 10. Rh3 axb5 11. Bh6
Qa5+ (11... gxh6 12. Qxh6+ Kf7 13. Qh5+ {= laut ECO, aber ...} Kf8 14. Bxh7 $1
{und ich würde lieber Weiß nehmen, obwohl die Lage noch unklar ist.}) 12. Bd2 (
12. Kf1 $1 gxh6 13. Qxh6+ Ke8 14. Bxh7 Rxh7 (14... Kd8 15. Ra3) 15. Qxh7 cxd4
16. Qh8+ Nf8 (16... Bf8 17. Ra3) 17. exf6) 12... Qc7 13. Rg3 cxd4 14. Nf3 Nxe5
15. Rxg7 h6 16. Bh7 Kxg7 17. Qxh6+ Kf7 18. Qh5+ $10 {ECO; Rosetto-Stahlberg,
Vina del Mar 1947}) 8. Nd6+ Kf8 9. Qh5 (9. Bxe7+ $1 Kxe7 (9... Qxe7 10. Nxc8
Qb4+ 11. Qd2 Qxb2 12. Rd1 Nc6 13. Nd6 Ncxe5 14. Nb5 {+/- ECO}) 10. Qh5 $1) 9...
Nxe5 10. Bxe7+ Qxe7 11. Qxe5 (11. Nxc8 $2 Qb4+ 12. Kd1 Nbc6 $19) 11... Nc6 12.
Qg3 e5 $146 13. Qa3 (13. Nxc8 $2 Qb4+) (13. Nb5 Qb4+ (13... a6 $1 14. Qa3 Nb4 {
/\ 15...Tb8}) 14. Kd1 Qxb2 15. Qa3+ Qxa3 16. Nxa3 $146) 13... Be6 14. Bb5 Rd8
15. Nxb7 Nb4 16. Ba4 Rc8 17. Kd2 Qxb7 18. c3 dxc3+ 19. bxc3 a5 20. Ne2 d4 (
20... Qe7 $5) 21. cxb4 axb4 22. Rhb1 $1 Rc4 23. Qg3 $16 {/\ Dxe5, Lb3} d3 24.
Nc1 Qc7 25. Nxd3 Rd4 26. Rxb4 Qa5 27. Rab1 e4 28. Kc1 $1 $18 Rxd3 29. Rb8+ Ke7
30. R1b7+ Rd7 31. Qa3+ $2 (31. Rxd7+ Bxd7 32. Qa3+ Kf6 33. Qd6+ Be6 34. Qd4+
Kg6 35. Rxh8 $18) 31... Kf6 32. Rxd7 $2 Qe1+ $4 (32... Rxb8 $17) 33. Rd1 $18
Qxf2 34. Qb2+ Qxb2+ 35. Rxb2 Ke5 36. Re1 f5 37. Bb3 1-0

[Event "Sigeman & Co 03rd"]
[Site "Malmo"]
[Date "1995.??.??"]
[Round "5"]
[White "Hellsten, Johan"]
[Black "Brynell, Stellan"]
[Result "1-0"]
[WhiteElo "2420"]
[BlackElo "2435"]
[Annotator "Knaak,R"]
[PlyCount "73"]
[EventDate "1995.05.??"]
[EventType "tourn"]
[EventRounds "9"]
[EventCountry "SWE"]
[EventCategory "12"]
[SourceTitle "CBM 048"]
[Source "ChessBase"]
[SourceDate "1995.10.01"]
[SourceVersion "1"]
[SourceVersionDate "1995.10.01"]
[SourceQuality "1"]

1. e4 e6 2. d4 d5 3. Nc3 Nf6 4. Bg5 Be7 5. e5 Nfd7 6. h4 Bxg5 $1 7. hxg5 Qxg5
8. Nh3 Qe7 9. Nf4 Nc6 10. Bb5 (10. Qg4 $5 {ist der kritische Zug.} Nxd4 $13) (
10. Qd2 Nb6 $10) 10... Qb4 $1 11. Nfe2 (11. Bxc6 bxc6 12. a3 Qc4 $1 (12... Qxb2
13. Rh3 $13) 13. Rh3 c5 $1 14. Qg4 Ba6 15. O-O-O cxd4 16. Nxe6 fxe6 17. Qxe6+
Kd8 18. b3 Qc5 19. Qxa6 dxc3 20. b4 Qb6 {Makropoulou,M-Thorhallsson,T/Katerini
GP (06)/1993/0-1 (32)}) 11... Qxb2 12. a3 Nxd4 13. Ra2 $8 Nxc2+ 14. Kf1 (14.
Qxc2 Qxc2 15. Bxd7+ Bxd7 16. Rxc2 c5 $17) 14... Qb3 15. Rxc2 a6 16. Nd4 Qxa3
$17 17. Rh3 Qb4 (17... Qe7 18. Nf5 (18. Nxd5 exd5 19. Nf5 $13) 18... Qf8 $13)
18. Nxd5 exd5 19. e6 O-O $2 (19... axb5 $1 {Um ehrlich zu sein: ich sehe keine
Kompensation für nach z.B. 20.ed7+ Bd7 fünf (!) Minusbauern.} 20. exf7+ (20.
exd7+ Bxd7) (20. Rxc7) (20. Rb3) (20. exd7+) 20... Kxf7 21. Qh5+) 20. Bxd7 fxe6
$6 (20... Bxd7 21. exd7 Qd6 (21... c5 $2 22. Nf5 Qb5+ 23. Kg1 Qxd7 24. Qg4 $18)
22. Qg4 $13) 21. Bxe6+ Bxe6 22. Nxe6 {Nun kämpft Schwarz um den Ausgleich.} Rf7
23. Nxc7 Raf8 24. Nxd5 Qa4 25. Nc3 Qc4+ 26. Qd3 {Wer profitiert eigentlich
mehr vom Damentausch?} Rc7 27. Qxc4+ Rxc4 28. Ra2 Rf6 (28... Rfc8 $5) 29. Rd3
h5 $2 (29... h6 $16) 30. Nd5 Re6 31. Ne3 Rb4 32. Rd5 h4 33. Rc2 b5 34. Rc7 Rf4
35. Nf5 Rf6 36. Rxg7+ Kh8 37. Rd8+ 1-0

[Event "Fujitsu Siemens Giants"]
[Site "Frankfurt"]
[Date "2000.06.22"]
[Round "1"]
[White "Shirov, Alexei"]
[Black "Morozevich, Alexander"]
[Result "0-1"]
[WhiteElo "2751"]
[BlackElo "2748"]
[Annotator "Knaak,R"]
[PlyCount "62"]
[EventDate "2000.06.22"]
[EventType "tourn"]
[EventRounds "10"]
[EventCountry "GER"]
[EventCategory "21"]
[SourceTitle "CBM 078"]
[Source "ChessBase"]
[SourceDate "2000.10.18"]
[SourceVersion "1"]
[SourceVersionDate "2000.10.18"]
[SourceQuality "1"]

{Bei der Analyse dieser hübschen, kleinen Angriffspartie habe ich Kommentare
von Morozevich im Turnierbuch "Premiere der Top Ten!" verwendet. Allerdings
habe ich auch einen kleinen Makel entdeckt.} 1. e4 e6 2. d4 d5 3. Nc3 Nf6 4.
Bg5 Be7 5. e5 Nfd7 6. Bxe7 Qxe7 7. f4 a6 8. Nf3 c5 9. Qd2 Nc6 10. O-O-O {
Laut Pelletier sollte Weiß lieber 10.dxc5 spielen.} c4 $5 {Eigentlich ein
logischer Plan: Schwarz will am Damenflügel angreifen, aber auch seinen König
dahin rochieren.} 11. f5 Nb6 $1 {Deckt d5 und erzwingt das Schlagen auf e6.
Anderenfalls würde Weiß f5 decken und evtl. f5-f6 vorbereiten.} 12. fxe6 fxe6 (
12... Bxe6 $1 {(Pelletier)}) 13. h4 Bd7 14. h5 (14. g3 O-O-O 15. Bh3 Rdf8 16.
Rdf1 {"mit etwas besserer Stellung für Weiß" (Morozevich)}) 14... O-O-O 15. h6
{Gibt dem Bd7 das Feld g6, anders kommt Weiß nicht so gut weiter.} ({Doch laut
Morozevich sind die weißen Chancen nach} 15. Be2 Rdf8 16. Rdf1 {"weiterhin
etwas vorzuziehen".}) 15... gxh6 16. Rxh6 Rdg8 17. Qf4 Be8 18. Qf6 Bg6 $11 19.
g4 $6 ({Das Endspiel nach} 19. Qxe7 Nxe7 {hat Shirov wohl als wenig
gewinnträchtig eingeschätzt.}) 19... Qe8 $1 {Schwarz profitiert mehr davon,
wenn die Damen auf dem Brett bleiben.} 20. Bg2 $2 {Der schwarze Angriff
entwickelt sich nun mit großer Geschwindigkeit.} ({Das eher passive} 20. Nh4 {
war nötig.} {Oder} Nd7 ({Vielleicht hatte Shirov} 20... Nxd4 $2 {befürchtet,
doch Weiß gewinnt eine Figur mit} 21. Qf2 $1) (20... Rf8 {Das ist mein Favorit.
} 21. Qg5 Be4 $1 {Der Nh4 steht abseits, und wenn Weiß einmal auf e4 schlägt,
erhält Schwarz ein schönes Feld auf d5.} 22. Qe3 $1 (22. Nxe4 $6 dxe4 23. Qe3
$2 Nd5 $1 24. Qxe4 Qe7 25. Rh5 c3 $40) 22... Nb4 $1 23. Nxe4 dxe4 $13) 21. Qf4
b5 {wonach Schwarz laut Morozevich die Initiative behielte.}) 20... Rf8 (20...
Nb4 $2 21. Ng5 $1 Nxc2 22. Qxe6+ $16) 21. Qh4 $2 {Verliert glatt.} ({Geboten
war} 21. Qg5 Rhg8 $1 (21... Nb4 22. a3 $1 ({Nach} 22. Rd2 {würde es wie in der
Partie weiter gehen.} Na4 23. a3 Nxc3 24. bxc3 Qa4 25. cxb4 Qxa3+ 26. Kd1 Rxf3
$17) 22... Bxc2 (22... Nxc2 23. Rxg6 Qxg6 (23... hxg6 24. Kxc2 Na4 25. Rf1 Nxc3
26. bxc3 Qa4+ 27. Kd2 Qxa3 28. Qxg6) 24. Qxg6 hxg6 25. Kxc2 $13) 23. axb4 Bxd1
$13) 22. Qe3 Nb4 23. Ne1 Na4 24. Kb1 (24. a3 $2 Nxc3 25. bxc3 Nc6) 24... Nxc3+
25. Qxc3 $15 {ist spielbar für Weiß.}) 21... Nb4 $1 $19 {Durch den Angriff auf
c2 gewinnt Schwarz ein Tempo. Die Option Rxg6 existiert hier für Weiß nicht,
weil nach der Antwort h7xg6 die weiße Dame hängt.} 22. Rd2 (22. Ne1 Na4 23. a3
Nxc3 24. bxc3 Na2+ 25. Kd2 (25. Kb2 Qb5+ 26. Kxa2 Bxc2 $1 $19) 25... Qb5 $19)
22... Na4 $1 23. a3 ({Ebenso verliert} 23. Kb1 Nxc3+ 24. bxc3 Qb5 $1 25. cxb4
Qxb4+ 26. Kc1 Qa3+ 27. Kd1 Rxf3 28. Bxf3 Qxf3+ 29. Kc1 c3 $19) ({Oder auch} 23.
Rf2 Nxc3 24. bxc3 Nxa2+ 25. Kb2 Qb5+ $1 26. Kxa2 Bxc2 27. Nd2 Qa4+ 28. Kb2 Bd3
$19) 23... Nxc3 24. bxc3 (24. axb4 Qa4 $1 $19) 24... Qa4 $1 {Der entscheidende
Schlag!} 25. cxb4 Qxa3+ 26. Kd1 Rxf3 $1 27. Qe7 (27. Bxf3 Qxf3+ 28. Ke1 Qe3+
29. Kd1 (29. Re2 Qc1+ 30. Kf2 Rf8+ 31. Kg3 Qf4+ 32. Kh3 Qf3+ $19) 29... Rf8 $1
$19) 27... Re3 28. Qxe6+ Kb8 29. Qd6+ Ka8 30. Re2 Qa1+ 31. Kd2 Qc3+ 0-1

[Event "SUI-GP"]
[Site "Suhr"]
[Date "1991.??.??"]
[Round "2"]
[White "Nemet, Ivan"]
[Black "Zueger, Beat"]
[Result "1/2-1/2"]
[WhiteElo "2450"]
[BlackElo "2425"]
[Annotator "Knaak,R"]
[PlyCount "49"]
[EventDate "1991.03.??"]
[EventType "tourn"]
[EventRounds "9"]
[EventCountry "SUI"]
[EventCategory "8"]
[SourceTitle "CBM 022"]
[Source "ChessBase"]
[SourceDate "1991.06.01"]
[SourceVersion "1"]
[SourceVersionDate "1991.06.01"]
[SourceQuality "1"]

1. e4 e6 2. d4 d5 3. Nc3 Nf6 4. Bg5 Be7 5. e5 Nfd7 6. Bxe7 Qxe7 7. f4 O-O 8.
Nf3 c5 9. Qd2 Nc6 10. O-O-O Nb6 11. Qe3 cxd4 12. Nxd4 Nxd4 13. Qxd4 Bd7 14. Bd3
Rfc8 $10 15. Ne2 Nc4 16. Bxc4 (16. Kb1) 16... Rxc4 17. Qd2 Rac8 18. Nd4 Rxc2+
19. Nxc2 Ba4 20. b3 Bxb3 21. axb3 Qa3+ 22. Kb1 Qxb3+ 23. Kc1 Qa3+ 24. Kb1 Qb3+
25. Kc1 1/2-1/2

[Event "Hastings 9091"]
[Site "Hastings"]
[Date "1990.12.??"]
[Round "9"]
[White "Larsen, Bent"]
[Black "Bareev, Evgeny"]
[Result "1-0"]
[WhiteElo "2545"]
[BlackElo "2590"]
[Annotator "Knaak,R"]
[PlyCount "79"]
[EventDate "1990.12.??"]
[EventType "tourn"]
[EventRounds "14"]
[EventCountry "ENG"]
[EventCategory "13"]
[SourceTitle "CBM 022"]
[Source "ChessBase"]
[SourceDate "1991.06.01"]
[SourceVersion "1"]
[SourceVersionDate "1991.06.01"]
[SourceQuality "1"]

1. e4 e6 2. d4 d5 3. Nc3 Nf6 4. Bg5 Be7 5. e5 Nfd7 6. Bxe7 Qxe7 7. f4 O-O 8.
Nf3 c5 9. Qd2 Nc6 10. O-O-O cxd4 11. Nxd4 Nb6 12. Qe3 Bd7 13. Kb1 Qc5 (13...
Na5 $5) 14. h4 Rac8 15. Rh3 $14 Na5 16. Nb3 Qxe3 17. Rxe3 Nac4 18. Rf3 f6 19.
exf6 Rxf6 20. Nd4 Rcf8 21. Bxc4 Nxc4 22. b3 Nd6 23. Re3 b5 $6 24. a3 a5 25. g3
b4 26. axb4 axb4 27. Na2 Rb8 28. Kb2 Ne4 29. Nf3 $3 {/\ Ng5, Rd4} Be8 (29...
Nxg3 $2 30. Ne5 Nf5 31. Nxd7 Nxe3 32. Rd3 $18) 30. Ng5 Bh5 31. Nxe4 Bxd1 32.
Nxf6+ gxf6 33. Rxe6 Kf7 34. Re3 Bh5 35. Rd3 Ke6 36. Rd4 Rg8 37. Nxb4 Bf3 38.
Rd3 Be4 39. Re3 Kf5 40. Nc6 1-0